Central Library OPAC University of Rajshahi

Juno and the paycock and The plough and the stars / (Record no. 22963)

MARC details
000 -LEADER
fixed length control field 00763nam a22002292i 4500
001 - CONTROL NUMBER
control field 22963
003 - CONTROL NUMBER IDENTIFIER
rucl marc code BD-RjUL
005 - DATE AND TIME OF LATEST TRANSACTION
control field 20211209000857.0
008 - FIXED-LENGTH DATA ELEMENTS--GENERAL INFORMATION
fixed length control field 140309r19621948enk 000 1 eng d
035 ## - SYSTEM CONTROL NUMBER
System control number (BD-RjUL)23028
-- OCLC ocm05290501 from D960625M
040 ## - CATALOGING SOURCE
Original cataloging agency MST
Transcribing agency MST
Modifying agency BD-RjUL
Language of cataloging eng
041 ## - LANGUAGE CODE
Language code of text/sound track or separate title eng
082 04 - DEWEY DECIMAL CLASSIFICATION NUMBER
Classification number 822.08
Author mark and year OCJ 1962
100 1# - MAIN ENTRY--PERSONAL NAME
Personal name O'Casey, Sean
Dates associated with a name 1880-1964.
9 (RLIN) 2798
245 10 - TITLE STATEMENT
Title Juno and the paycock and The plough and the stars /
Statement of responsibility, etc. Sean O'Casey ; with introduction and notes by Guy Boas
260 ## - PUBLICATION, DISTRIBUTION, ETC. (IMPRINT)
Place of publication, distribution, etc. New York ; London :
Name of publisher, distributor, etc. Macmillan ;St. Martin's,
Date of publication, distribution, etc. 1948 [Reprint 1962].
300 ## - PHYSICAL DESCRIPTION
Pagination xi, 168 p. ;
Size 18 cm
490 1# - SERIES STATEMENT
Series statement Scholar's library
650 ## - SUBJECT ADDED ENTRY--TOPICAL TERM
Topical term or geographic name as entry element English drama.
9 (RLIN) 70798
700 1# - ADDED ENTRY--PERSONAL NAME
Personal name Boas, Guy
Dates associated with a name 1896-1966.
942 ## - ADDED ENTRY ELEMENTS (KOHA)
Source of classification or shelving scheme Dewey Decimal Classification
Koha item type Books
Holdings
Lost status Source of classification or shelving scheme Damaged status Not for loan Collection code Permanent Location Current Location Shelving location Date acquired Source of acquisition Cost, normal purchase price Total Checkouts Full call number Date last seen Copy number Koha item type
  Dewey Decimal Classification   Added to bundle Fiction Central Library, University of Rajshahi Central Library, University of Rajshahi Reading Room 28/04/1965 Zetlinger 6.00   822.08 OCJ 1962 09/03/2014 C-1 Books